[Event "Pan American-ch U12 27th"]
[Site "Montevideo"]
[Date "2016.07.27"]
[Round "4"]
[White "Supo Caso, Eduardo"]
[Black "Sanchez Su, Ian Rodrigo"]
[Result "1/2-1/2"]
[WhiteElo "1289"]
[BlackElo "1411"]
[PlyCount "71"]
[EventDate "2016.07.25"]
[EventType "swiss"]
[EventRounds "9"]
[EventCountry "URU"]
[SourceTitle "EXT 2017"]
[Source "ChessBase"]
[SourceDate "2016.10.25"]
[SourceVersion "1"]
[SourceVersionDate "2016.10.25"]
[SourceQuality "1"]

1. e4 e5 2. Nf3 Nc6 3. d4 exd4 4. c3 Nf6 5. e5 Ng8 6. cxd4 f6 7. Nc3 fxe5 8. dxe5 d6 9. Be2 Be7 10. exd6 Qxd6 11. Qxd6 Bxd6 12. 0-0 Bg4 13. Bb5 Bd7 14. Re1+ Nge7 15. Nd5 0-0-0 16. Bxc6 Nxc6 17. Bd2 h6 18. Bc3 Rhg8 19. Ne5 Nxe5 20. Bxe5 Bc6 21. Bxd6 Bxd5 22. Bg3 Rge8 23. b3 Bc6 24. f3 Rxe1+ 25. Rxe1 Re8 26. Rxe8+ Bxe8 27. Kf2 c5 28. Bd6 b6 29. Bf8 g6 30. Bxh6 Kd7 31. Ke3 Kc6 32. Bg7 Bf7 33. Bc3 a5 34. Kd2 a4 35. Kc2 a3 36. Kd2 1/2-1/2

[Event "San Borja Nombre de Jesus II"]
[Site "San Borja"]
[Date "2015.06.20"]
[Round "8"]
[White "Morales Orozco, Silvana"]
[Black "Sanchez Su, Ian Rodrigo"]
[Result "0-1"]
[WhiteElo "1327"]
[BlackElo "1249"]
[PlyCount "106"]
[EventDate "2015.06.12"]
[EventType "swiss"]
[EventRounds "7"]
[EventCountry "PER"]
[SourceTitle "EXT 2024"]
[Source "ChessBase"]
[SourceDate "2023.10.10"]
[SourceVersion "1"]
[SourceVersionDate "2023.10.10"]
[SourceQuality "1"]

1. e4 e5 2. Nf3 Nc6 3. Nc3 Nf6 4. h3 Be7 5. Bc4 Nxe4 6. Nxe4 d5 7. Bb5 dxe4 8. Bxc6+ bxc6 9. Nxe5 Qd5 10. Ng4 Bh4 11. 0-0 Bb7 12. Ne3 Qg5 13. Re1 0-0-0 14. d3 exd3 15. cxd3 c5 16. Rf1 Rhe8 17. f3 Rxe3 18. Bxe3 Qxe3+ 19. Kh1 Rxd3 20. Qc2 Rd2 21. Qc3 Qxc3 22. bxc3 Bf6 23. c4 Bxa1 24. Rxa1 Rc2 25. Re1 Kd8 26. Rb1 Kc8 27. Re1 Kd7 28. Rb1 Kc6 29. Re1 Bc8 30. Kh2 Be6 31. Re4 Rxa2 32. Rh4 h6 33. Re4 Ra4 34. g4 Rxc4 35. Re1 Rb4 36. Rd1 Rb8 37. Kg3 Ra8 38. f4 g6 39. h4 a5 40. g5 h5 41. Kf3 Bg4+ 42. Ke4 Bxd1 43. Ke5 a4 44. Kf6 Bb3 45. Kg7 Be6 46. Kf6 a3 47. Kg7 a2 48. Kf6 Kb5 49. Ke5 a1Q+ 50. Ke4 Ra4+ 51. Ke3 Qc3+ 52. Ke2 Ra2+ 53. Kd1 Bg4# 0-1

[Event "Lima Santisimo Nombre de Jesus"]
[Site "Lima"]
[Date "2015.05.30"]
[Round "8"]
[White "Sanchez Su, Ian Rodrigo"]
[Black "Hilares Chavez, Carlos Amir"]
[Result "0-1"]
[WhiteElo "1241"]
[BlackElo "1585"]
[PlyCount "56"]
[EventDate "2015.05.22"]
[EventType "swiss"]
[EventRounds "8"]
[EventCountry "PER"]
[SourceTitle "EXT 2024"]
[Source "ChessBase"]
[SourceDate "2023.10.10"]
[SourceVersion "1"]
[SourceVersionDate "2023.10.10"]
[SourceQuality "1"]

1. e4 e5 2. Nf3 Nc6 3. Bb5 a6 4. Bc4 Bc5 5. d3 Nf6 6. Nc3 d6 7. Bg5 h6 8. Bh4 g5 9. Bg3 Be6 10. Bxe6 fxe6 11. h4 g4 12. Nd2 Qe7 13. f3 h5 14. Qe2 0-0-0 15. Nc4 Nd4 16. Qd1 Rdf8 17. Na4 Ba7 18. c3 Nc6 19. Nd2 b5 20. b4 Rhg8 21. Bf2 gxf3 22. Qxf3 Bxf2+ 23. Qxf2 Ng4 24. Qe2 bxa4 25. d4 Nb8 26. Rf1 Qxh4+ 27. Kd1 Rxf1+ 28. Qxf1 Ne3+ 0-1

[Event "Lima Santisimo Nombre de Jesus 4"]
[Site "Lima"]
[Date "2014.08.05"]
[Round "?"]
[White "Anicama Orcon, Richard"]
[Black "Sanchez Su, Ian Rodrigo"]
[Result "1-0"]
[WhiteElo "1607"]
[BlackElo "1451"]
[PlyCount "30"]
[EventDate "2014.08.04"]
[EventType "swiss"]
[EventRounds "8"]
[EventCountry "PER"]
[SourceTitle "EXT 2024"]
[Source "ChessBase"]
[SourceDate "2023.10.10"]
[SourceVersion "1"]
[SourceVersionDate "2023.10.10"]
[SourceQuality "1"]

1. e4 d6 2. Nc3 Nf6 3. d4 e5 4. dxe5 dxe5 5. Qxd8+ Kxd8 6. Bg5 Nbd7 7. Nd5 h6 8. Nxf6 Nxf6 9. Bxf6+ gxf6 10. 0-0-0+ Ke8 11. Bc4 f5 12. Re1 Bc5 13. exf5 Bxf5 14. Rxe5+ Be7 15. Rxf5 Rf8 1-0